Food and nutrition (Record no. 416)
[ view plain ]
| 000 -LEADER | |
|---|---|
| fixed length control field | 00364nam a22001457a 4500 |
| 020 ## - ISBN | |
| International Standard Book Number | 9780198327660 |
| 050 ## - LIBRARY OF CONGRESS CALL NUMBER | |
| Classification Number | TX354 |
| Item Number | .T85 1996 |
| 100 ## - MAIN ENTRY--Author | |
| Personal name | Tull Anita |
| 245 ## - TITLE | |
| Title | Food and nutrition |
| Statement of responsibility, etc | Anita Tull |
| 250 ## - EDITIONSTATEMENT | |
| Edition statement | 3rd edition |
| 260 ## - PUBLICATION, DISTRIBUTION, ETC.(IMPRINT) | |
| Place of publication, distribution, etc | China; |
| Name of publisher, distributor, etc | Printplus, |
| Date of publication, distribution, etc | 1996. |
| 500 ## - GENERALNOTE | |
| General note | includes index, table of contents |
| 650 ## - SUBJECT--TOPIC | |
| Form subdivision | 1.Food 2. Nutrition |
| 942 ## - ADDED ENTRY ELEMENTS(KOHA) | |
| Koha item type | General circulation |
| Source of classification or shelving scheme | Not for loan | Location (home branch) | Sublocation (holding branch) | Date accessioned | Cost, normal purchase price | Full call number | Barcode | Copy number | Cost, replacement price | Koha item type | Public note |
|---|---|---|---|---|---|---|---|---|---|---|---|
| Library of Congress Classification | Main Campus Library | Main Campus Library | 22/07/2014 | 2100.00 | TX354 .T85 1996 | 2017/020948 | C1. | 2500.00 | General circulation | CM. | |
| Library of Congress Classification | Main Campus Library | Main Campus Library | 15/08/2014 | 2100.00 | TX354 .T85 1996 | 2017/020949 | C2. | 2500.00 | General circulation | CM. |